[Event "RUS-ch Girls U21 2021"]
[Site "Loo"]
[Date "2021.04.29"]
[Round "9.10"]
[White "Gelman, Inna"]
[Black "Koroleva, Evgeniya"]
[Result "0-1"]
[WhiteElo "1801"]
[BlackElo "1884"]
[Annotator "NA"]
[PlyCount "128"]
[EventDate "2021.04.21"]
[EventType "swiss"]
[EventCountry "RUS"]
[SourceTitle "playchess.com"]
[Source "ChessBase"]
[SourceQuality "1"]
[TimeControl "40/5400+30:1800+30"]

1. g4 {[%emt 0:00:00]} d5 {[%emt 0:00:24]} 2. Bg2 {[%emt 0:00:00]} c6 {[%emt 0:00:03]} 3. h3 {[%emt 0:00:00]} e5 {[%emt 0:00:14]} 4. d3 {[%emt 0:00:00]} Be7 {[%emt 0:00:50]} 5. Nc3 {[%emt 0:01:52]} h5 {[%emt 0:00:41]} 6. gxh5 {[%emt 0:00:49]} Nf6 {[%emt 0:00:21]} 7. Nf3 {[%emt 0:02:54]} Nbd7 {[%emt 0:02:04]} 8. e4 {[%emt 0:00:35]} d4 {[%emt 0:00:07]} 9. Ne2 {[%emt 0:00:09]} Nxh5 {[%emt 0:00:07]} 10. c3 {[%emt 0:02:18]} c5 {[%emt 0:00:07]} 11. Ng3 {[%emt 0:04:03]} g6 {[%emt 0:00:30]} 12. Qe2 {[%emt 0:02:44]} Rb8 {[%emt 0:01:09]} 13. a4 {[%emt 0:03:39]} b6 {[%emt 0:00:25]} 14. h4 {[%emt 0:01:58]} Qc7 {[%emt 0:02:21]} 15. c4 {[%emt 0:01:22]} a6 {[%emt 0:00:10]} 16. Bh3 {[%emt 0:06:44]} Nf8 {[%emt 0:01:26]} 17. Bxc8 {[%emt 0:09:27]} Rxc8 {[%emt 0:00:06]} 18. Ng5 {[%emt 0:02:19]} Nf4 {[%emt 0:05:22]} 19. Qf3 {[%emt 0:03:56]} Bxg5 {[%emt 0:00:26]} 20. hxg5 {[%emt 0:00:08]} Rxh1+ {[%emt 0:00:04]} 21. Nxh1 {[%emt 0:00:10]} N8e6 {[%emt 0:00:14]} 22. Bxf4 {[%emt 0:01:19]} exf4 {[%emt 0:01:03]} 23. Qg4 {[%emt 0:01:26]} Qe5 {[%emt 0:00:13]} 24. f3 {[%emt 0:00:44]} Qxg5 {[%emt 0:02:23]} 25. Nf2 {[%emt 0:00:09]} Ke7 {[%emt 0:06:03]} 26. Ke2 {[%emt 0:00:39]} Rh8 {[%emt 0:04:52]} 27. Rg1 {[%emt 0:02:12]} Qe5 {[%emt 0:01:31]} 28. Qg2 {[%emt 0:09:13]} Qb8 {[%emt 0:00:19]} 29. b3 {[%emt 0:02:03]} b5 {[%emt 0:00:50]} 30. axb5 {[%emt 0:00:30]} axb5 {[%emt 0:00:04]} 31. Ng4 {[%emt 0:00:45]} bxc4 {[%emt 0:01:11]} 32. bxc4 {[%emt 0:00:06]} Qb2+ {[%emt 0:01:01]} 33. Kf1 {[%emt 0:02:39]} Qc1+ {[%emt 0:01:11]} 34. Ke2 {[%emt 0:01:04]} Qc2+ {[%emt 0:00:11]} 35. Ke1 {[%emt 0:00:28]} Qb1+ {[%emt 0:01:51]} 36. Ke2 {[%emt 0:02:12]} Qb3 {[%emt 0:01:36]} 37. Rd1 {[%emt 0:02:53]} Ra8 {[%emt 0:04:04]} 38. Qf1 {[%emt 0:00:53]} f5 {[%emt 0:09:46]} 39. exf5 {[%emt 0:04:04]} gxf5 {[%emt 0:00:06]} 40. Nh6 {[%emt 0:00:00]} Ng7 {[%emt 0:00:00]} 41. Rd2 {[%emt 0:08:30]} Qc3 {[%emt 0:22:46]} 42. Qe1 {[%emt 0:01:05]} Kd7 {[%emt 0:01:27]} 43. Qb1 {[%emt 0:02:43]} Re8+ {[%emt 0:03:08]} 44. Kd1 {[%emt 0:02:00]} Kc7 {[%emt 0:00:16]} 45. Qa2 {[%emt 0:00:50]} Qb4 {[%emt 0:06:58]} 46. Qa7+ {[%emt 0:00:52]} Kc6 {[%emt 0:00:08]} 47. Qa6+ {[%emt 0:01:42]} Qb6 {[%emt 0:00:08]} 48. Qxb6+ {[%emt 0:00:57]} Kxb6 {[%emt 0:00:05]} 49. Rg2 {[%emt 0:00:05]} Re7 {[%emt 0:00:47]} 50. Kd2 {[%emt 0:00:32]} Ka5 {[%emt 0:00:44]} 51. Rg6 {[%emt 0:04:04]} Rb7 {[%emt 0:03:45]} 52. Rc6 {[%emt 0:01:13]} Rb2+ {[%emt 0:00:44]} 53. Ke1 {[%emt 0:00:23]} Rh2 {[%emt 0:00:15]} 54. Nxf5 {[%emt 0:00:27]} Nxf5 {[%emt 0:01:02]} 55. Rxc5+ {[%emt 0:00:05]} Kb4 {[%emt 0:00:05]} 56. Rxf5 {[%emt 0:00:09]} Kc3 {[%emt 0:00:12]} 57. Rxf4 {[%emt 0:00:49]} Kxd3 {[%emt 0:00:05]} 58. c5 {[%emt 0:00:54]} Kc3 {[%emt 0:00:40]} 59. Rf7 {[%emt 0:04:09]} d3 {[%emt 0:00:19]} 60. Rd7 {[%emt 0:00:16]} d2+ {[%emt 0:02:31]} 61. Kd1 {[%emt 0:00:24]} Rh1+ {[%emt 0:00:09]} 62. Ke2 {[%emt 0:00:06]} Re1+ {[%emt 0:00:11]} 63. Kf2 {[%emt 0:00:43]} d1=Q {[%emt 0:00:08]} 64. Rxd1 {[%emt 0:02:36]} Rxd1 {[%emt 0:00:05]} 0-1